000
00304nam a22001337a 4500
008
170323b xxu||||| |||| 00| 0 eng d
020
_a
9780323014250
041
_a
eng
080
_2
6 ED
_a
616.9
100
_a
8
101
_a
SHM
245
_a
ALLEGRY PRINCIPLES PRACTICE
_c
ADKINSON.N.F
942
_2
udc
_c
BK
999
_c
8509
_d
8509